Don Miguel de Unamuno y sus poesías: estudio y antología de textos poéticos no incluidos en sus libros

Guardat en:
Dades bibliogràfiques
Autor principal: García Blanco, Manuel (Autor)
Format: Llibre
Idioma:espanyol
Publicat: Salamanca Universidad de Salamanca 1954
Col·lecció:Filosofía y Letras, 8
Matèries:
Etiquetes: Afegir etiqueta
Sense etiquetes, Sigues el primer a etiquetar aquest registre!

MARC

LEADER 00000nam a2200000 a 4500
001 UCQ5223
003 CL-VaPUC
008 980925e19540000SP |||||||||||||||||spa|d
082 0 4 |a 861.09  |b GAR  |2 21 
100 |a García Blanco, Manuel  |e author  |9 419375 
245 1 0 |a Don Miguel de Unamuno y sus poesías: estudio y antología de textos poéticos no incluidos en sus libros 
300 |a 453 p 
942 |c BK 
945 |d 19980925 00:00:00  |a crobeson 
260 |a Salamanca  |b Universidad de Salamanca  |c 1954 
600 0 7 |a UNAMUNO, MIGUEL DE  |2 CL-VaPUC  |9 312478 
650 0 |a Poesía española  |9 264938 
650 0 |a Literatura española  |9 306261 
650 0 |a Crítica e interpretación   |9 255042 
650 0 |a Crítica literaria   |9 269189 
583 |a last modification  |c 19980925 00:00:00  |k Rodrigo Vera 
490 0 |a Filosofía y Letras, 8 
999 |c 275438  |d 275436 
952 |0 0  |1 0  |4 0  |6 861_090000000000000_GAR_1954  |7 0  |8 A  |9 312180  |a BIBEDU  |b BIBEDU  |d 2019-11-20  |i 1469282  |o 861.09 GAR 1954  |p 1469282  |r 2019-11-20  |w 2019-11-20  |y BK  |k LIT